000 00477nam a2200157 i 4500
001 135428
003 ES-MaACL
005 20230906194900.0
007 t|
008 070717s1963 sp ||||1| spa d
100 1 _aToro Garland, Fernando de.
_9110688
245 1 3 _aEl arca vino del cielo
_b: drama en un acto de tres cuadros /
_cFernando de Toro Garland.
260 _aMadrid :
_b[Góngora],
_c1963.
300 _a31 p. ;
_c17 cm.
852 _aES-MaACL
_j2064-F-10
_bR.71009
999 _c135428
_d135428